Kluby Ekstraklasy, 1, 2, 3 ligi - Statystyki

Ogólne statystyki
  • Ten quiz został rozwiązany 268 razy
  • Średni wynik to 49 z 126
Statystyki odpowiedzi
Liga Klub % Poprawnych
Ekstraklasa Legia Warszawa
94%
Ekstraklasa Lech Poznań
92%
Ekstraklasa Jagiellonia Białystok
88%
Ekstraklasa Śląsk Wrocław
87%
1 Liga Wisła Kraków
87%
Ekstraklasa GKS Katowice
85%
Ekstraklasa Lechia Gdańsk
85%
1 Liga ŁKS Łódź
85%
Ekstraklasa Widzew Łódź
85%
Ekstraklasa Cracovia
84%
Ekstraklasa Górnik Zabrze
84%
Ekstraklasa Motor Lublin
84%
Ekstraklasa Pogoń Szczecin
84%
1 Liga Arka Gdynia
83%
Ekstraklasa Raków Częstochowa
80%
Ekstraklasa Stal Mielec
80%
Ekstraklasa Radomiak
79%
1 Liga Warta Poznań
79%
Ekstraklasa Zagłębie Lubin
79%
1 Liga Ruch Chorzów
78%
Ekstraklasa Korona Kielce
77%
Ekstraklasa Piast Gliwice
76%
Ekstraklasa Puszcza Niepołomice
75%
1 Liga Polonia Warszawa
73%
1 Liga Wisła Płock
70%
1 Liga Stal Rzeszów
69%
1 Liga Odra Opole
67%
2 Liga Zagłębie Sosnowiec
67%
1 Liga Kotwica Kołobrzeg
63%
1 Liga Miedź Legnica
62%
2 Liga Resovia
62%
2 Liga Wieczysta Kraków
62%
2 Liga Polonia Bytom
61%
2 Liga Podbeskidzie Bielsko-Biała
60%
1 Liga Górnik Łęczna
59%
1 Liga GKS Tychy
58%
1 Liga Pogoń Siedlce
58%
3 Liga gr.II Elana Toruń
56%
1 Liga Stal Stalowa Wola
56%
1 Liga Znicz Pruszków
56%
1 Liga Chrobry Głogów
54%
3 Liga gr.II Zawisza Bydgoszcz
54%
3 Liga gr.I Stomil Olsztyn
53%
2 Liga Hutnik Kraków
50%
2 Liga Olimpia Elbląg
50%
1 Liga Bruk-Bet Termalica Nieciecza
49%
2 Liga KKS Kalisz
49%
3 Liga gr.IV Sandecja Nowy Sącz
44%
2 Liga Chojniczanka
43%
2 Liga Olimpia Grudziądz
43%
3 Liga gr.I GKS Bełchatów
42%
2 Liga Skra Częstochowa
41%
2 Liga Pogoń Grodzisk Mazowiecki
40%
2 Liga Rekord Bielsko-Biała
40%
2 Liga Wisła Puławy
40%
3 Liga gr.III Lechia Zielona Góra
35%
2 Liga Świt Szczecin
35%
3 Liga gr.I Wigry Suwałki
35%
3 Liga gr.IV Siarka Tarnobrzeg
33%
3 Liga gr.II Lech II Poznań
32%
3 Liga gr.I Legia II Warszawa
32%
3 Liga gr.IV Garbarnia Kraków
30%
2 Liga ŁKS II Łódź
30%
3 Liga gr.I Unia Skierniewice
30%
3 Liga gr.I ŁKS Łomża
28%
3 Liga gr.III Śląsk II Wrocław
28%
2 Liga Zagłębie II Lubin
28%
3 Liga gr.IV KSZO Ostrowiec Świętokrzyski
26%
3 Liga gr.II Flota Świnoujście
25%
2 Liga GKS Jastrzębie-Zdrój
25%
3 Liga gr.IV Avia Świdnik
24%
3 Liga gr.I Broń Radom
23%
3 Liga gr.III Górnik Polkowice
23%
3 Liga gr.II Gryf Słupsk
22%
3 Liga gr.I Jagiellonia II Białystok
22%
3 Liga gr.IV Podhale Nowy Targ
22%
3 Liga gr.II Pogoń II Szczecin
22%
3 Liga gr.IV Wisłoka Dębica
22%
3 Liga gr.II Błękitni Stargard
21%
3 Liga gr.IV Star Starachowice
20%
3 Liga gr.III Ślęza Wrocław
19%
3 Liga gr.I Świt Nowy Dwór Mazowiecki
19%
3 Liga gr.IV Wisła II Kraków
19%
3 Liga gr.III MKS Kluczbork
18%
3 Liga gr.II Polonia Środa Wielkopolska
17%
3 Liga gr.II Gedania Gdańsk
16%
3 Liga gr.III Górnik II Zabrze
16%
3 Liga gr.IV Korona II Kielce
16%
3 Liga gr.I Pelikan Łowicz
16%
3 Liga gr.I Wisła II Płock
16%
3 Liga gr.II Sokół Kleczew
15%
3 Liga gr.III Warta Gorzów Wielkopolski
15%
3 Liga gr.I Warta Sieradz
15%
3 Liga gr.IV Chełmianka Chełm
14%
3 Liga gr.III Karkonosze Jelenia Góra
13%
3 Liga gr.I Lechia Tomaszów Mazowiecki
13%
3 Liga gr.III LKS Goczałkowice-Zdrój
13%
3 Liga gr.III Miedź II Legnica
13%
3 Liga gr.II Noteć Czarnków
13%
3 Liga gr.III Carina Gubin
12%
3 Liga gr.IV Podlasie Biała Podlaska
12%
3 Liga gr.II Kotwica Kórnik
11%
3 Liga gr.I Mławianka Mława
11%
3 Liga gr.I Sokół Aleksandrów Łódzki
11%
3 Liga gr.III Stal Brzeg
11%
3 Liga gr.I Victoria Sulejówek
11%
3 Liga gr.II Vineta Wolin
11%
3 Liga gr.II Wda Świecie
11%
3 Liga gr.IV Czarni Połaniec
10%
3 Liga gr.IV KS Wiązownica
10%
3 Liga gr.III Polonia Słubice
10%
3 Liga gr.II Unia Swarzędz
10%
3 Liga gr.II Wybrzeże Rewalskie Rewal
10%
3 Liga gr.II Cartusia
9%
3 Liga gr.I GKS Wikielec
9%
3 Liga gr.II Pogoń Nowe Skalmierzyce
9%
3 Liga gr.IV Świdniczanka Świdnik
9%
3 Liga gr.IV Wiślanie Jaśkowice
9%
3 Liga gr.IV Lewart Lubartów
8%
3 Liga gr.III Podlesianka Katowice
8%
3 Liga gr.IV Pogoń-Sokół Lubaczów
8%
3 Liga gr.III Odra Bytom Odrzański
7%
3 Liga gr.III Pniówek Pawłowice
7%
3 Liga gr.I Polonia Lidzbark Warmiński
7%
3 Liga gr.III Unia Turza Śląska
7%
3 Liga gr.III KS Stilon Gorzów Wielkopolski
1%
Nie znaleziono quizów pasujących do podanych kryteriów
Rozkład punktacji
Procent ludzi z każdym wynikiem
Percentyl według liczby udzielonych odpowiedzi
Twoja historia wyników
Nie rozwiązałeś tego quizu